Psicopedagogía de la afectividad adolescente : investigación en grupos escolares.

Saved in:
Bibliographic Details
Main Author: Crespo, Osvaldo Víctor (autor)
Format: Book
Language:Español
Subjects:
Tags: Add Tag
No Tags, Be the first to tag this record!

MARC

LEADER 00000cam^a2200000uu^4500
001 000457866
005 20250521000000.0
008 050901s^^^^^^^^^^^^^^^^rd^r^^000^0^spa^d
009 20260310124054.898
035 |a FCE 000000311 
035 |a FCE 001212 
037 |a Acervo ITESO - Biblioteca 
041 |a spa 
082 0 4 |a 377.22  |b C258p 
100 |a Crespo, Osvaldo Víctor  |e (autor) 
245 1 0 |a Psicopedagogía de la afectividad adolescente :  |b investigación en grupos escolares. 
264 |a Buenos Aires :  |b Kapelusz,  |c [199-?]. 
300 |a 114 p. 
336 |a texto  |b txt  |2 rdacontenido 
337 |a sin mediación  |b n  |2 rdamedio 
338 |a volumen  |b nc  |2 rdasoporte 
649 |a XX 
650 |a Psicopedagogía 
650 |a Adolescencia 
650 |a Adolescente 
650 |a Afectividad 
910 |a Fondo Centro de Estudios Educativos 
920 |a Impresos - Libros 
930 |a Fondos Especiales 
905 |a 133 
901 |a ALE001212  |b IT2  |c CEE  |u 20250521 
902 |a https://opac.biblio.iteso.mx/vufind/Record/000457866